Essential math for data science: take control of your data with fundamental calculus, linear algebra, probability, and statistics / Hadrien Jean. (Record no. 22416)

000 -LEADER
fixed length control field 00609nam a22001817a 4500
020 ## - INTERNATIONAL STANDARD BOOK NUMBER
ISBN 9781098115562 (ebk)
082 ## - DEWEY DECIMAL CLASSIFICATION NUMBER
Classification number 519.50285
Item number H132 2019
100 ## - MAIN ENTRY--AUTHOR NAME
Personal name Jean, Hadrien, author.
245 ## - TITLE STATEMENT
Title Essential math for data science: take control of your data with fundamental calculus, linear algebra, probability, and statistics / Hadrien Jean.
260 ## - PUBLICATION, DISTRIBUTION, ETC. (IMPRINT)
Place of publication Sebastopol, CA :
Name of publisher O’Reilly Media, Inc.,
Year of publication 2019.
300 ## - PHYSICAL DESCRIPTION
Number of Pages 1 online resource, [vi, 34] pages.
650 ## - SUBJECT ADDED ENTRY--TOPICAL TERM
Topical Term Data Science.
650 ## - SUBJECT ADDED ENTRY--TOPICAL TERM
Topical Term Calculus.
650 ## - SUBJECT ADDED ENTRY--TOPICAL TERM
Topical Term Algebra.
650 ## - SUBJECT ADDED ENTRY--TOPICAL TERM
Topical Term Statistics.
650 ## - SUBJECT ADDED ENTRY--TOPICAL TERM
Topical Term Probability.
942 ## - ADDED ENTRY ELEMENTS (KOHA)
Koha item type Electronic Books
Holdings
Source of acquisition Permanent Location Date acquired Collection code Koha item type Lost status Shelving location Withdrawn status Current Location Full call number
DonationCagayan State University - Carig Library2026-04-15E-BooksElectronic Books E-Resource Section Cagayan State University - Carig Library519.50285 H132 2019

Cagayan State University University Library, Carig Campus
Tuguegarao City, Cagayan 3500 | www.csucarig.edu.ph

Powered by Koha